| 000 | 01472 a2200229 4500 | ||
|---|---|---|---|
| 001 | 50014 | ||
| 005 | 20260407155800.0 | ||
| 008 | 260407a1968 arg spa d | ||
| 003 | AR-UNSa-BCEJYS | ||
| 040 |
_aAR-UNSa-BCEJYS _bspa _cAR-UNSa-BCEJYS |
||
| 080 |
_a517 _xAnálisis Matemático |
||
| 245 | 1 | 0 | _aAnálisis matemático para economistas |
| 250 | _a8a. ed. | ||
| 264 | 1 |
_aMadrid : _bAguilar _c1968 |
|
| 300 |
_axxiii, 548 p. _c21 cm. |
||
| 505 | _a1. Números y variables - 2. Funciones: su representación gráfica - 3. Geometría analítica elemental - 4. Límites y continuidad de las funciones - 5. Funciones y diagramas en la teoría económica - 6. Derivadas y su interpretación - 7. La técnica de la derivación - 8. Aplicaciones de las derivadas - 9. Funciones exponencial y logarítmica - 10. Derivación logarítmica - 11. Funciones de dos o más variables - 12. Derivadas parciales y sus aplicaciones - 13. Diferenciales y diferenciación - 14. Problemas de máximo y mínimo - 15. Integrales de funciones de una variable - 16. Ecuaciones diferenciales - 17. Desarrollo en serie, fórmula de Taylor y diferenciales de orden superior - 18. Determinantes, ecuaciones lineales y formas cuadráticas - 19. Nuevos problemas de máximo y mínimos - 20. Algunos problemas de cálculo de variaciones. | ||
| 041 | _aspa | ||
| 942 | _cBK | ||
| 590 | _aniveau_biblio:m niveau_hierar:0 | ||
| 100 | 1 | _aAllen, Roy George Douglas | |
| 700 | 1 | _aFigueroa, Emilio de | |
| 999 |
_c4932 _d4932 |
||